02042nam a2200241Ia 4500001000600000003000900006008004100015040001300056040001300069041001300082100002000095100002900115245005600144245005600200250001100256260001100267260001800278260004900296300005600345500134300401650002501744650003101769H5541IT-RoPAU130308s9999 xx 000 0 und d aIT-RoPAU cIT-RoPAU aITALIANO aMarangi Michele gCodice Aut. SPICS: 30471 aInsegnare cinema. Lezioni di didattica multimediale bInsegnare Cinema. Lezioni di Didattica Multimediale a1a ed. aTORINO bUtet Libreria c2004 [1° Ed.:2004 - Ed.Ling.Originale:2004] a"383 p. (prefazione: 13; testo: 370 [pagine: 0-0])" a"Introduzione. I dal Cinema Educativo Alla Didattica Cinema, 1 Prospettiva Storica: immagini e Scuola nel Corso Tempo, tra Apocalittici e Entusiati; insegnare Cinema, tra gusto cinefilo e Preoccupazioni Morali; dal Cinema Come Pretesto al Film Come Oggetto di Studio in Se'. Ii teorie e metodologie Didattica Film: Specificità Didattica Film; Problemi Metodologici, tra Didattica normativa e Didattica Scoperta; ruolo Analisi Testuale; Audiovisivo Escuola, Dubbi degli Insegnanti, Modelli Ricorrenti. III nuove strategie Narrative Contemporanee tra Postmoderno e Multimedialita': Cinema Postmoderno, che Cosa e Come Racconta; impatto tecnologie Sulle Narrazioni Audiovisive; Rapporto tra Cinema e New Media; Paradigmi dei New Media; Ipertestualita'E Interattività. Iv New Media per una Nuova Didattica: 1 Didattica in Progress, sfide e Necessita'; Docente/Discente, 1 Rapporto Dialettico e Dinamico; insegnamento e Tecnologia; Orizzonte della Media Education. V basi metodologiche per una Didattica Interattiva: Progettare e condurre moduli Sull'Audiovisivo; Film tra testo e Contesto, Approccio Semio/Pragmatico e Tematico/Interpretativo; Percorsi di verifica e Metodi di Valutazione; Esempi di moduli Operativi X intervento nelle Classi; 1 prototipo Multimediale X Didattica Audiovisivo. Sitografia. Bibliografia. indice dei Nomi." aEDUCAZIONE AL CINEMA eCodice materia Spics: 6812